Blitzkrieg Bop Lyrics - Statistics

General Stats
  • This quiz has been taken 38 times
    35 since last reset
  • The average score is 137 of 194
Answer Stats
Answer % Correct
Blitzkrieg
95%
Bop
95%
Go
95%
Hey
95%
Ho
95%
I
91%
Let's
91%
The
91%
A
86%
In
77%
To
77%
And
73%
Don't
73%
Know
73%
They
68%
What
68%
All
64%
Back
64%
They're
64%
they're
64%
Up
64%
Are
59%
Line
59%
Ready
59%
Seat
59%
Straight
59%
Want
59%
Heat
55%
Now
55%
Steam
55%
Forming
50%
Kids
50%
Revved
50%
Shoot
50%
Generating
45%
Going
45%
Their
45%
Tight
45%
Beat
41%
Through
41%
Em
36%
Losing
36%
Minds
36%
Piling
36%
Pulsating
32%
Wind
32%
No matching quizzes found
Score Distribution
Percent of People with Each Score
Percentile by Number Answered
Your Score History
You have not taken this quiz since the last reset